| 000 | 00441nam a2200181Ia 4500 | ||
|---|---|---|---|
| 001 | 7957 | ||
| 005 | 20260306160533.0 | ||
| 008 | 260306t2001||||xx |||||||||||||| ||spa|| | ||
| 041 | _aESP | ||
| 082 |
_a364.133 _bZ58 |
||
| 100 |
_aZegarra, Luis Felipe _eAUT |
||
| 245 | 0 | _aCausas y consecuencias económicas de la corrupción | |
| 260 | _c2001 | ||
| 300 |
_a71páginas : _c |
||
| 650 | _aGEN | ||
| 654 | _aCAN | ||
| 942 |
_cLIB _dJUS _fJUS _2ddc _n |
||
| 999 |
_c7957 _d7957 |
||